[Event "57.SMM B Naturns-Merania 2"]
[Site "Naturns, ITA"]
[Date "2025.11.29"]
[Round "3.5"]
[White "Unterberger, Paul"]
[Black "Feierabend, Thomas"]
[Result "0-1"]
[WhiteElo "1541"]
[BlackElo "1738"]
[PlyCount "62"]
[EventDate "2025.??.??"]

{[%evp 0,62,29,14,57,43,11,34,103,32,45,13,35,22,43,10,-4,-13,-14,-21,-2,-11,-3,-12,-33,-72,-72,-156,-156,-180,-40,-40,4,5,17,5,18,27,68,64,67,66,69,42,36,-94,-18,-5,42,37,60,41,76,88,91,20,53,59,127,-928,-953,-29993,-29994,-29995,-29996]} 1. e4 c5 2. Bc4 e6 3. Nc3 d6 4. a3 Nf6 5. d3 Be7 6. Nf3 Nc6 7. Bd2 a6 8. O-O O-O 9. Qe2 Re8 10. Ba2 Qc7 11. Bf4 b5 12. e5 dxe5 13. Nxe5 Bd6 14. Rfe1 Nxe5 15. Bxe5 Bxe5 16. Qxe5 Qc6 17. Ne4 Bb7 18. Qxc5 Qd7 19. Nxf6+ gxf6 20. Re3 Kh8 21. Qh5 Rg8 22. Rh3 Rg7 23. Rg3 Rag8 24. Qh4 Rg6 25. c4 Rxg3 26. hxg3 Rg6 27. c5 Qxd3 28. Qf4 Kg7 29. Qd6 Qe4 30. f3 Qe3+ 31. Kf1 Rh6 {0-} 0-1